| 000 | 01322nam2a22002531 4500 | ||
|---|---|---|---|
| 001 | RU\NLR\INFOCOMM15\1000082765 | ||
| 005 | 20250617040916.0 | ||
| 035 | _a(NLR Aleph) 002436045 | ||
| 090 |
_a2038621 _c2038621 |
||
| 100 | _a20040301d1992 |||y0rusy50 ca | ||
| 101 | 0 | _arus | |
| 102 | _aRU | ||
| 105 | _ay ||||||||| | ||
| 200 | 1 |
_aОрганизация перевозок скоропортящихся грузов в рефрижераторных вагонах _fЭ.Б. Вальт |
|
| 210 |
_d1992 _aБ. м. |
||
| 461 | 0 |
_1001RU\NLR\INFOCOMM15\1000082751 _12001#$aЖелезнодорожный транспорт$eОбзор. информ.$iГрузовая и коммерческая работа$fЦНИИ информ., техн.-экон. исслед. и пропаганды ж.-д. трансп.$v1992, Вып.1 _92038496 _cМ. _d1984- _fЦНИИ информ., техн.-экон. исслед. и пропаганды ж.-д. трансп. _iГрузовая и коммерческая работа _oОбзор. информ. _tЖелезнодорожный транспорт _x0203-1760 _v1992, Вып.1 |
|
| 700 | 1 |
_aВальт _bЭ.Б. _4070 |
|
| 801 | 1 |
_aRU _bInfoComm _c20040301 |
|
| 801 | 0 |
_aRU _bNLR _gPSBO |
|
| 852 |
_aNLR _jП22/5100 |
||
| 942 | _cISSUE | ||
| 980 | _aNB | ||
| 980 | _aRUSPER | ||